Normal view
MARC view
- CENTRO INTERAMERICANO DE VIVIENDA Y PLANEAMIENTO (COLOMBIA)
Entry Nombre Corporativo
001 - NÚMERO DE CONTROL
- campo de control: 6286
003 - IDENTIFICADOR DE NUMERO DE CONTROL
- campo de control: UPN
005 - FECHA Y HORA DE LA ÜLTIMA TRANSACCIÓN
- campo de control: 20210219193700.0
008 - DATOS DE LONGITUD FIJA
- campo de control de longitud fija: nabaccnnaabn|||||||||| b |nc|||||d
035 ## - NÚMERO DE CONTROL
- Número de control: UPN10000006287
040 ## - FUENTE DE CATALOGACIÓN
- Lenguaje de catalogación: SPA
- Agencia transcribe: UPN
110 2# - ENCABEZAMIENTO - NOMBRE CORPORATIVO
- Nombre corporativo o de jurisdicción como elemento de entrada : CENTRO INTERAMERICANO DE VIVIENDA Y PLANEAMIENTO (COLOMBIA)
670 ## - FUENTE EN LA QUE SE LOCALIZARON DATOS
- Cita de la fuente : T
- Información localizada: Centro Interamericano de Vivienda y Planeamiento. Unión Panamericano. Washington, 1862
902 ## - CATALOGADOR
- Catalogador: LG/090697
